Top 10 Oldest African Countries - Statistics

General Stats
  • This quiz has been taken 28,248 times
    28,243 since last reset
  • The average score is 8 of 10
Answer Stats
Year From... Country % Correct
1922 United Kingdom Egypt
94%
1910 United Kingdom South Africa
93%
1947 Italy Ethiopia
92%
1956 France/Spain Morocco
91%
1951 Italy Libya
87%
1847 Liberia
81%
1956 United Kingdom Sudan
80%
1956 France Tunisia
79%
1957 United Kingdom Ghana
66%
1958 France Guinea
50%
No matching quizzes found
Score Distribution
Percent of People with Each Score
Percentile by Number Answered
Your Score History
You have not taken this quiz since the last reset